000 00801nam a2200217Ia 4500
001 17713
003 GE_BSU
008 181216s||||||||xx |||||||||||||| ||und||
020 _a5509013453
040 _cGE_BSU
080 _a631.5:578(076)
245 _aაგრო-ბიოტექნოლოგია
245 _bდამხმ სახ-ლო ლაბორატორიულ-პრაქტიკული სამუშაოებისათვის
245 _cშემდგ.ვ.ქობალია
260 _aქუთაისი
260 _c2013
300 _a125გვ.21სმ.
300 _eბიბლ.გვ.105. ცხრ-ბი გვ.107-114.სურ. გვ.115-122
653 _aაგრო-ბიოტექნოლოგია
942 _cBK
999 _c50761
_d50761